Estadísticas para Plantilla Athletic Club 2023/24

Haz click aquí para intentar la prueba.

Estadísticas generales

  • Esta prueba ha sido intentada 120 veces
  • La puntuación promedio es 21 de 27

Estadísticas de respuestas

Respuesta% Correcto
Iñaki Williams
99%
Nico Williams
99%
Unai Simón
99%
Iker Muniain
95%
Ohian Sancet
93%
Asier Villalibre
91%
Óscar de Marcos
91%
Álex Berenguer
87%
Dani Vivian
87%
Raúl García
87%
Yuri Berchiche
87%
Ander Herrera
85%
Gorka Guruzeta
84%
Íñigo Ruiz de Galarreta
82%
Yeray Álvarez
82%
Íñigo Lekue
81%
Mikel Vesga
79%
Aitor Paredes
75%
Dani García
74%
Julen Agirrezabala
73%
Beñat Prados
69%
Adu Ares
68%
Unai Gómez
67%
Peru Nolaskoain
49%
Imanol García
46%
Mikel Jauregizar
37%
Unai Egiluz
22%

Distribución de puntuación

Porcentaje por número respondido

Porcentaje de gente con cada puntuación

Historial de tus puntuaciones

No has intentado esta prueba.